000 00629nam a22002057a 4500
005 20240530110554.0
008 160802s2013 ua f b 000 e ara d
017 _a2012/3162
_bمصر . دار الكتب المصرية
020 _a9789770932131
040 _aEG-CaGPL
082 0 4 _221
_a814\
_bى م
100 0 _aيوسف زيدان
245 1 0 _aمتاهات الوهم /
_cيوسف زيدان
250 _aط. 2
260 _aالقاهرة :
_bدار الشروق ،
_c2013 .
300 _a300 ص. ؛
_c24 سم .
650 0 4 _aالادب العربى
650 0 4 _aالمقالات العربية
942 _2ddc
_cBK
999 _c62517
_d62517